The little mermaid and other tales / (Record no. 3706)

MARC details
000 -LEADER
fixed length control field 00987nam a22002417a 4500
001 - CONTROL NUMBER
control field 3706
003 - CONTROL NUMBER IDENTIFIER
control field FISKH
005 - DATE AND TIME OF LATEST TRANSACTION
control field 20240423102541.0
008 - FIXED-LENGTH DATA ELEMENTS--GENERAL INFORMATION
fixed length control field 240423b cb ||||| |||| 00| 0 eng d
040 ## - CATALOGING SOURCE
Original cataloging agency FISK
Language of cataloging eng
Transcribing agency FISK
Modifying agency FISK
050 ## - LIBRARY OF CONGRESS CALL NUMBER
Classification number PZ8.A54
082 ## - DEWEY DECIMAL CLASSIFICATION NUMBER
Classification number 398.2
100 ## - MAIN ENTRY--PERSONAL NAME
Personal name Andersen Christian Hans
Dates associated with a name 1805-1875
245 ## - TITLE STATEMENT
Title The little mermaid and other tales /
Statement of responsibility, etc. Hans Christian Andersen
260 ## - PUBLICATION, DISTRIBUTION, ETC.
Place of publication, distribution, etc. New York :
Name of publisher, distributor, etc. HarperFestival,
Date of publication, distribution, etc. 2005
300 ## - PHYSICAL DESCRIPTION
Extent 277 pages :
Dimensions 20 cm
505 ## - FORMATTED CONTENTS NOTE
Formatted contents note Z
520 ## - SUMMARY, ETC.
Summary, etc. The Little Mermaid is just one jewel in this enchanting collection of twenty stories by the father of the modern fairy tale, Hans Christian Andersen. Whether you prefer laughing aloud at the Emperor in his "new clothes" or sighing as the Little Mermaid pines for her human prince, one thing is certain-this is a book that will be read again and again
521 8# - TARGET AUDIENCE NOTE
Target audience note 1130
Source Lexile
700 ## - ADDED ENTRY--PERSONAL NAME
Personal name Hans Christian Andersen
942 ## - ADDED ENTRY ELEMENTS (KOHA)
Source of classification or shelving scheme Library of Congress Classification
Koha item type Books
Suppress in OPAC No
Holdings
Withdrawn status Lost status Source of classification or shelving scheme Damaged status Not for loan Collection Home library Current library Shelving location Date acquired Total Checkouts Full call number Barcode Date last seen Copy number Price effective from Koha item type
    Library of Congress Classification     Fiction Footprints International School Library Network Toul Kork Campus Footprints International School Library Network Toul Kork Campus TTP Secondary Fiction Bookshelves 04/23/2024   AND PZ8.A54 398.2 2024-0495 04/23/2024 1 04/23/2024 Books